000 01336nam a2200373 i 4500
001 57375
003 CO-BoRNBP
005 20250624163252.0
007 ta
008 141031s2008 ck a br 000 j spa d
020 _a9789580412670
040 _aCO-BoRNBP
_bspa
_erda
_cCO-BoRNBP
041 1 _aspa
_hfre
043 _af-mr---
084 _aC MUZ1
100 1 _aMuzi, Jean,
_d1948-
_eautor
_960484
245 1 0 _aDiecisiete fábulas del rey león
_cJean Muzi ; traducido por Gabriela Arciniegas ; ilustrado por Ivar Da Coll
250 _aPrimera edición
264 1 _aBogotá, Colombia
_bGrupo Editorial Norma
_c2008
300 _a99 páginas
_bilustraciones
_c19 cm
336 _atexto
_btxt
_2rdacontent
337 _asin mediación
_bn
_2rdamedia
338 _avolumen
_bnc
_2rdacarrier
521 1 _aRecomendado para un público infantil mayor de 6 años.
534 _tDix-neuf fables du roi lion
650 0 0 _aAnimales em la literatura
_2LEMB
_960485
650 0 0 _aLeones en la literatura.
_2LEMB
_960486
650 0 0 _aCuentos infantiles marroquíes
_ySiglo XX
_2LEMB
_960487
650 0 4 _aAutores marroquies
_2LEMB
_960488
650 0 0 _aLiteratura infantil marroquí
_ySiglo XX
_2LEMB
_960489
700 1 _aDa Coll, Ivar
_d1962-
_eilustrador
_92446
700 1 _aArciniegas, Gabriela
_etraductora
_960490
942 _2loc
_cBKLITI
999 _c57375
_d57375